000 00772nam a22002057a 4500
999 _c18507
_d18507
003 AR-CdUCM
008 190514b ||||| |||| 00| 0 spa d
040 _aMUNICIPALIDAD PROVINCIAL DEL CUSCO
_cBIBLIOTECA MUNICIPAL DEL CUSCO
082 _a344.522 /
_bE86
100 _aEspinoza Vasquez, Manuel
_939138
245 _aLos delitos sexuales en el Código penal Peruano /
260 _aTrujillo :
_bBolivariana,
_c1974.
300 _a320 páginas ;
_c22 cm.
505 _aContenido: Delito de violación sexual -- Violación resistida física -- Violación resistida e intimidación -- Violación presunta no resistida ...
650 _aDelito
_95138
650 _aDerecho Penal
_95831
650 _aViolación
_924519
942 _2ddc
_cLIBROS
945 _aachl
_d2019-05-14